LEADER 01135nam a2200265 u 4500 001 000000050717 003 CaOOAMICUS 005 20070226115245.0 008 000828s1957 it u000 u ita u 035 $a10854040 040 $aPUL(R)$bita 041 1 $aita$hheb 245 00$aPreghiere della Festa di Capodanno ad uso della Comunità israelitica di Torino /$ccon traduzione e note esplicative del prof. Dario Disegni. 260 $aTorino :$bMarietti,$c1957. 300 $a124 p. ;$c20 cm 500 $aTesto Italiano e Ebraico. 650 4$aLibri liturgici.$0(OLS)http://pul/subject/790 650 4$aFeste e celebrazioni.$0(OLS)http://pul/subject/21352 700 1 $aDisegni, Dario.$0(OLS)http://pul/name/36465 850 $aPUL 852 $aPUL$W1$xDP1 Fondo Ciprotti$y59$m1534 G 20$j67227$nBK-PRI$b $qFondi$B67227$CPULBib$Z2$F67227 $H $81 941 1 $a1 961 $aINV: 0731. Fondo Ciprotti 996 $6245$aPreghiere della Festa di Capodanno ad uso della Comunità israelitica di Torino$9(OLS)http://pul/title/68248 996 $6260$aTorino :$bMarietti$9(OLS)http://pul/publisher/48186 LEADER 01361nam a2200289 a 4500 001 000000134919 003 CaOOAMICUS 005 20130715130142.0 008 130715s1961 fr u000 u lat r 040 $aPUL$bita 041 1 $alat$harm 100 0 $aEphraem Syrus,$cs.,$d303-373.$0(OLS)http://pul/name/30 245 10$aHymnes de Saint Ephrem conservées en version arménienne /$ctexte arménien, traduction latine et notes explicatives par Louis Mariès ... et Ch. Mercier ... 260 $aParis :$bFirmin-Didot et C.ie,$c1961. 300 $a269 p. ;$c28 cm. 490 1 $aPatrologia orientalis ;$vt.30, fasc.1 546 $aTesto armeno e traduzione in latino, introduzione e note in francese. 700 1 $aMariès, Louis,$cS. I.,$dn. 1876.$0(OLS)http://pul/name/16600 700 1 $aMercier, Charles.$0(OLS)http://pul/name/8929 830 0$aPatrologia Orientalis ;$vt.30, fasc.1.$0(OLS)http://pul/title/3232 850 $aPUL 852 $aPUL$W1$xSL Cons. Gen., Altre Classi 1$y1$m2003 B 30 int.1$j155283$qStampati$B154821$CPULBib$Z2$F154821 $H27410 $82 900 $aEfrem Siro,$cs.,$d303-373$930 941 1 $a8 996 $6245$aHymnes de Saint Ephrem conservées en version arménienne$9(OLS)http://pul/title/170639 996 $6260$aParis :$bFirmin-Didot et C.ie$9(OLS)http://pul/publisher/68682